000 00286cam a2200121ua 4500
082 _a624.171
_bRAO/ ST
100 _aRao, J. K .
_91679
245 _aStructural Engineering ,Part-l /
250 _a4 /
260 _aBangalore :
_bDixit & Co. ,
_c1967.
300 _a211 ; .
942 _cBK
999 _c2243
_d2243